Better rural careers. (Record no. 21940)

MARC details
000 -LEADER
fixed length control field 00840cam a22002651 4500
001 - CONTROL NUMBER
control field e 43000152
003 - CONTROL NUMBER IDENTIFIER
control field DLC
005 - DATE AND TIME OF LATEST TRANSACTION
control field 20260227111231.0
008 - FIXED-LENGTH DATA ELEMENTS--GENERAL INFORMATION
fixed length control field 800611s1942 ilua 000 0 eng c
010 ## - LIBRARY OF CONGRESS CONTROL NUMBER
LC control number e 43000152
035 ## - SYSTEM CONTROL NUMBER
System control number (OCoLC)6406584
040 ## - CATALOGING SOURCE
Original cataloging agency U.S. Off. of educ. Library
Transcribing agency TxCM
Modifying agency DLC
042 ## - AUTHENTICATION CODE
Authentication code premarc
050 00 - LIBRARY OF CONGRESS CALL NUMBER
Classification number S494.5
Item number .C48 1942
082 ## - DEWEY DECIMAL CLASSIFICATION NUMBER
Classification number 630.69
100 1# - MAIN ENTRY--PERSONAL NAME
Personal name Chapman, Paul W.
Fuller form of name (Paul Wilber),
Dates associated with a name 1891-1953.
245 10 - TITLE STATEMENT
Title Better rural careers.
250 ## - EDITION STATEMENT
Edition statement National edition.
Remainder of edition statement [By] Paul W. Chapman ...
260 ## - PUBLICATION, DISTRIBUTION, ETC.
Place of publication, distribution, etc. Chicago,
-- Atlanta,
Name of publisher, distributor, etc. Science Research Associates, Book Division,
Date of publication, distribution, etc. 1942.
300 ## - PHYSICAL DESCRIPTION
Extent 264 p. incl. front., illus.
Dimensions 20 cm.
650 #0 - SUBJECT ADDED ENTRY--TOPICAL TERM
Topical term or geographic name entry element Agriculture
Geographic subdivision United States.
650 #0 - SUBJECT ADDED ENTRY--TOPICAL TERM
Topical term or geographic name entry element Vocational guidance.
650 #0 - SUBJECT ADDED ENTRY--TOPICAL TERM
Topical term or geographic name entry element Sociology, Rural.
710 2# - ADDED ENTRY--CORPORATE NAME
Corporate name or jurisdiction name as entry element Science Research Associates, Chicago.

No items available.

Powered by Koha